| 000 | 00342nam a22001457a 4500 | ||
|---|---|---|---|
| 020 | _a814-7301-612-7 | ||
| 082 |
_a823 _bPRA, W |
||
| 100 | _aPRAKASH, VED | ||
| 245 |
_aWHY BE BOSSY _bCHARACTER BUILDING S |
||
| 260 |
_aDELHI _bDREAMLAND |
||
| 300 | _a24 | ||
| 520 | _aENGLISH SHORT STORY | ||
| 650 |
_aENGLISH SHORT STORY _zDELHI |
||
| 942 | _cBK | ||
| 999 |
_c5069 _d5069 |
||